000 00255nam a2200109Ia 4500
008 190914s9999||||xx |||||||||||||| ||und||
100 _aStandish,Thomas
245 0 _aData Structures in Java
260 _aIndia
_bAddision
_c2000
300 _a538
942 _cBK
999 _c8611
_d8611